Quentin Tarantino Film Actors - Tile Quiz - Statistics

General Stats
  • This quiz has been taken 104 times
  • The average score is 71 of 90
Answer Stats
Question Tile Select % Correct
Samuel L. Jackson Death Proof No
98%
Uma Thurman Django Unchained No
98%
Uma Thurman Inglorious Bastards No
98%
Leonardo DiCaprio Jackie Brown No
98%
Uma Thurman Kill Bill: (1 or 2) Yes
98%
Leonardo DiCaprio Kill Bill: (1 or 2) No
98%
Brad Pitt Kill Bill: (1 or 2) No
98%
Leonardo DiCaprio Pulp Fiction No
98%
Brad Pitt Pulp Fiction No
98%
Samuel L. Jackson Reservoir Dogs No
98%
Leonardo DiCaprio Reservoir Dogs No
98%
Brad Pitt Death Proof No
97%
Brad Pitt Django Unchained No
97%
Uma Thurman Reservoir Dogs No
97%
Brad Pitt Reservoir Dogs No
97%
Uma Thurman The Hateful Eight No
97%
Brad Pitt The Hateful Eight No
97%
Uma Thurman Death Proof No
96%
Leonardo DiCaprio Death Proof No
96%
Uma Thurman Jackie Brown No
96%
Samuel L. Jackson Pulp Fiction Yes
96%
Uma Thurman Once Upon a Time in Hollywood No
95%
Samuel L. Jackson Once Upon a Time in Hollywood No
95%
Leonardo DiCaprio Once Upon a Time in Hollywood Yes
95%
Leonardo DiCaprio Inglorious Bastards No
93%
Christoph Waltz Jackie Brown No
93%
Brad Pitt Jackie Brown No
93%
Christoph Waltz Kill Bill: (1 or 2) No
93%
Uma Thurman Pulp Fiction Yes
93%
Christoph Waltz Pulp Fiction No
92%
Leonardo DiCaprio The Hateful Eight No
92%
Christoph Waltz Death Proof No
91%
Samuel L. Jackson Django Unchained Yes
90%
Christoph Waltz Once Upon a Time in Hollywood No
90%
Brad Pitt Once Upon a Time in Hollywood Yes
90%
Leonardo DiCaprio Django Unchained Yes
89%
Christoph Waltz Reservoir Dogs No
89%
Tim Roth Inglorious Bastards No
87%
Christoph Waltz Inglorious Bastards Yes
87%
Tim Roth Death Proof No
85%
Tim Roth Django Unchained No
85%
Christoph Waltz Django Unchained Yes
85%
Kurt Russell Inglorious Bastards No
85%
Brad Pitt Inglorious Bastards Yes
85%
Tim Roth Kill Bill: (1 or 2) No
85%
Kurt Russell Django Unchained No
84%
Samuel L. Jackson The Hateful Eight Yes
84%
Kurt Russell Pulp Fiction No
83%
Tim Roth Reservoir Dogs Yes
83%
Harvey Keitel Django Unchained No
82%
Michael Madsen Django Unchained No
82%
Tim Roth Jackie Brown No
82%
Harvey Keitel The Hateful Eight No
82%
Michael Madsen Inglorious Bastards No
80%
Samuel L. Jackson Jackie Brown Yes
80%
Kurt Russell Jackie Brown No
79%
Kurt Russell Kill Bill: (1 or 2) No
79%
Harvey Keitel Kill Bill: (1 or 2) No
79%
Harvey Keitel Reservoir Dogs Yes
79%
Kurt Russell Reservoir Dogs No
78%
Christoph Waltz The Hateful Eight No
78%
Michael Madsen Jackie Brown No
77%
Michael Madsen Death Proof No
76%
Harvey Keitel Once Upon a Time in Hollywood No
76%
Harvey Keitel Death Proof No
75%
Michael Madsen Reservoir Dogs Yes
75%
Walton Goggins Pulp Fiction No
73%
Michael Madsen Pulp Fiction No
71%
Walton Goggins Inglorious Bastards No
70%
Harvey Keitel Jackie Brown No
70%
Walton Goggins Jackie Brown No
70%
Tim Roth Pulp Fiction Yes
70%
Walton Goggins Death Proof No
67%
Walton Goggins Kill Bill: (1 or 2) No
67%
Walton Goggins Reservoir Dogs No
67%
Kurt Russell Death Proof Yes
64%
Harvey Keitel Pulp Fiction Yes
62%
Kurt Russell The Hateful Eight Yes
58%
Michael Madsen Kill Bill: (1 or 2) Yes
57%
Walton Goggins The Hateful Eight Yes
53%
Tim Roth The Hateful Eight Yes
50%
Michael Madsen The Hateful Eight Yes
45%
Walton Goggins Django Unchained Yes
40%
Kurt Russell Once Upon a Time in Hollywood Yes
40%
Samuel L. Jackson Kill Bill: (1 or 2) Yes
27%
Samuel L. Jackson Inglorious Bastards Yes
25%
Michael Madsen Once Upon a Time in Hollywood Yes
18%
Walton Goggins Once Upon a Time in Hollywood Yes
16%
Harvey Keitel Inglorious Bastards Yes
14%
Tim Roth Once Upon a Time in Hollywood Yes
5%
No matching quizzes found
Score Distribution
Percent of People with Each Score
Percentile by Number Answered
Your Score History
You have not taken this quiz